000 00878naa a22002657u 4500
001 07774
003 HDC
007 cr bn ---aaaaa
008 210103t200202 cc 000 0 eng
040 _aHDC
245 0 _aFFTC Research Highlights :
_bDifferentiating Upland Rice Varieties by Isozyme Analysis
260 _aTaiwan :
_bFFTC Research Highlights,
_c2002
300 _a2 pages
336 _atext
_2rdacontent
337 _acomputer
_2rdamedia
338 _aonline resource
_2rdacarrier
520 _aVarious titles inside
650 _aRice
_92051
650 _aRice
_xGenetic engineering
_98323
650 _aRice
_xOrigin
_98324
856 _zRequest full-text at [email protected]
942 _2lcc
942 _cEIJ
942 _kEMAG 000047
999 _c5097
_d5097